| 000 | 00441nam a2200181Ia 4500 | ||
|---|---|---|---|
| 005 | 20250423094548.0 | ||
| 008 | 250422s9999 xx 000 0 und d | ||
| 020 | _a0935926283 | ||
| 050 | _aPR 9387 .N47/ | ||
| 100 | _a Nersesian, Bob | ||
| 245 | 0 | _aBeat the players: casinos, cops and the game inside the game | |
| 260 | _aUSA | ||
| 260 | _bPi Yee press | ||
| 260 | _c2006 | ||
| 300 | _a320 p | ||
| 650 | _aLiterature | ||
| 942 | _cBK | ||
| 999 |
_c27612 _d27612 |
||